Wykluczanie według kategorii – miasta Polski #1 - Statystyki

Ogólne statystyki
  • Ten quiz został rozwiązany 2 388 razy
  • Średni wynik to 10 z 20
Statystyki odpowiedzi
Grupa # Kategoria Odpowiedź Przykłady miast pasujących do odpowiedzi % Poprawnych
Zielona 66 Miasto na prawach powiatu Warszawa, Kraków, Wrocław, Łódź, Poznań
97%
Zielona 19 ...w województwie śląskim Jaworzno, Częstochowa, Bielsko-Biała, Rybnik
95%
Pomarańczowa 45 Miasto dotykające granicy Polski lub linii brzegowej Gdańsk, Gdynia, Jelenia Góra, Jastrzębie-Zdrój
92%
Niebieska 117 Miasto na literę S Szczecin, Sosnowiec, Siedlce, Stargard, Stalowa Wola
92%
Zielona 13 ...należące do GZM Katowice, Mysłowice, Chorzów, Bytom, Gliwice
89%
Fioletowa 309 Miasto, którego gęstość zaludnienia przekracza 1000 os/km² Warszawa, Kraków, Wrocław, Łódź, Poznań
85%
Zielona 8 ...które uzyskało prawa miejskie po 1900 roku Zabrze, Tychy, Ruda Śląska, Siemianowice Śląskie
76%
Pomarańczowa 39 …z burmistrzem na czele Cieszyn, Zgorzelec, Zakopane, Gołdap, Terespol
76%
Niebieska 83 …w gminie miejsko-wiejskiej Swarzędz, Skawina, Sulechów, Solec Kujawski
55%
Zielona 1 …będące siedzibą diecezji rzymskokatolickiej Sosnowiec
42%
Pomarańczowa 8 …z nazwą składającą się z więcej niż jednego członu Duszniki-Zdrój, Krynica Morska, Złoty Stok, Nowe Warpno
39%
Fioletowa 106 …które nie jest miastem powiatowym, ani na prawach powiatu Rumia, Ząbki, Marki, Knurów, Luboń
35%
Niebieska 12 …które jest miastem powiatowym Sulęcin, Strzelce Krajeńskie, Sztum, Strzyżów
30%
Fioletowa 100 …które ma mniej niż 30 tysięcy mieszkańców Czeladź, Swarzędz, Piastów, Aleksandrów Łódzki
26%
Niebieska 7 …które ma co najmniej 10 tysięcy mieszkańców Sokółka, Strzelce Opolskie, Słubice, Staszów
23%
Pomarańczowa 3 …położone częściowo w parku narodowym Kudowa-Zdrój, Szklarska Poręba
20%
Pomarańczowa 1 …przez które przepływa Odra Kostrzyn nad Odrą
14%
Fioletowa 23 …które ma mniej niż 7 liter w nazwie Radlin, Łapy, Lubsko, Wronki, Pasłęk
11%
Niebieska 1 …w województwie wielkopolskim Szamotuły
11%
Fioletowa 1 …które dotyka brzegu Morza Bałtyckiego Ustka
9%
Nie znaleziono quizów pasujących do podanych kryteriów
Rozkład punktacji
Procent ludzi z każdym wynikiem
Percentyl według liczby udzielonych odpowiedzi
Twoja historia wyników
Nie rozwiązałeś tego quizu